| 000 | 00566nam a22002057a 4500 | ||
|---|---|---|---|
| 001 | 000019820 | ||
| 005 | 20200929170142.0 | ||
| 008 | 920416s1990 sp 000 0 baq | ||
| 020 | _a847568274X | ||
| 040 |
_aDO-SdBNP _bspa _cBNPHU |
||
| 082 |
_axxxx _bL536m |
||
| 100 | 1 |
_aLekuona, Juan Mari, _d1927- _942299 |
|
| 245 | 1 | 0 |
_aMimodramak eta ikonoak / _cJuan Mari Lekuona. |
| 260 |
_aDonostia : _bErein, _c[1990]. |
||
| 300 |
_a101 p. ; _c21 cm. |
||
| 490 | 1 | _aErein literatura | |
| 490 | 1 | _aPoesía | |
| 830 | 0 |
_aErein literatura _942300 |
|
| 830 | 0 |
_aPoesía _91183 |
|
| 999 |
_c19333 _d19333 |
||